ბათუმის შოთა რუსთაველის სახელმწიფო უნივერსიტეტის ბიბლიოთეკა

ჩანაწერი Personal Name

ჩანაწერთა რაოდენობა, რომელიც გამოყენებულია: 3

001 - CONTROL NUMBER

  • control field: 10585

003 - CONTROL NUMBER IDENTIFIER

  • control field: GE_BSU

005 - DATE AND TIME OF LATEST TRANSACTION

  • control field: 20210319170808.0

008 - FIXED-LENGTH DATA ELEMENTS

  • fixed length control field: 210319|| aca||aabn | a|a d

040 ## - CATALOGING SOURCE

  • Original cataloging agency: GE_BSU
  • Transcribing agency: GE_BSU

100 ## - HEADING--PERSONAL NAME

  • Personal name: Kauffman, James M.,
  • Relator term:

670 ## - SOURCE DATA FOUND

  • Source citation: Work cat.: (GE_BSU)0: Kauffman, James M., , Characteristics of emotional and behavioral disorders of children and youth /